000 00562nam a2200193Ia 4500
005 20250508151716.0
008 008 250505s9999 xx 000 0 eng d
037 _aTextual
040 _aFEDL
_beng
_cFEDL
041 _aeng
_2eng
084 _a370.1, BRA
_qFEDL
100 _aBrameld Theodore
_994518
245 0 _aPhilosophies of education in cultural perspective
260 _aNew York, USA
_bThe Dryden Press
_c1950
300 _axvii,446p.
650 _aEducation - Philosophy
942 _cTEXL
_h370.1, BRA
999 _c1331593
_d1331593